| 000 | 00776nam a2200217 i 4500 | ||
|---|---|---|---|
| 001 | 145184 | ||
| 003 | ES-MaACL | ||
| 005 | 20250728182148.0 | ||
| 007 | t| | ||
| 008 | 070214s1969 sp r ||||1| spa d | ||
| 100 | 1 |
_aSoustelle, Jacques. _9107584 |
|
| 245 | 1 | 3 |
_aEl arte del México antiguo / _ctexto de Jacques Soustelle ; realización y fotografías de Claude Arthaud, F. Hébert-Stevens ; traducción de H. Pardellans. |
| 260 |
_aBarcelona : _bJuventu, _c1969. |
||
| 300 |
_a178 p., 78 lám. : _bil. ; _c29 cm. |
||
| 650 | 0 | 4 |
_aArte precolombino- _zMéxico. _910268 |
| 700 | 1 |
_aArthaud, Claude, _d1927- _923458 |
|
| 700 | 1 |
_aPardellans, H. _988947 |
|
| 700 | 1 |
_aHébert-Stevens, François. _962265 |
|
| 852 |
_aES-MaACL _jC-37478 _bR.74041 |
||
| 999 |
_c145184 _d145184 |
||